Statistics for Word Count Down

Click here to take the quiz!

General Stats

  • This quiz has been taken 70 times
    (58 since last reset)
  • The average score is 8 of 10

Answer Stats

# of LettersHintAnswer% Correct
1Me, myself and...I
98%
3Noah's mode of travelArk
96%
412 inches is a,,,Foot
94%
6He races horsesJockey
87%
7A big, brown bear in AlaskaGrizzly
83%
8A place to buy pizzaPizzeria
77%
2...not now, then when?If
75%
5Most kids' favorite foodPizza
69%
9Popular casino gameBlackjack
65%
10A large, sweet, oblong fruitWatermelon
65%

Score Distribution

Percentile by Number Answered

Percent of People with Each Score

Your Score History

You have not taken this quiz since the last reset